[Event "Miêdzywojewódzkie Mistrzostwa Juniorów"]
[Site "Centrum Konferencyjno-Sportow"]
[Date "2012.??.??"]
[Round "1.1"]
[White "Szewczyk, Mariusz"]
[Black "Malec, Sebastian"]
[Result "1/2-1/2"]
[WhiteElo "2006"]
[BlackElo "2118"]
[PlyCount "98"]
[EventDate "2012.??.??"]

1. e4 c5 2. Nc3 Nc6 3. Bc4 e6 4. f4 Nge7 5. e5 d5 6. exd6 Nf5 7. Nf3 Nxd6 8.
Be2 Be7 9. O-O O-O 10. d3 b6 11. Ne5 Nd4 12. Ne4 f6 13. Nxd6 Bxd6 14. Nc4 Bc7
15. a4 Bb7 16. c3 Qd5 17. Ne3 Nxe2+ 18. Qxe2 Qd6 19. Nc4 Qc6 20. Be3 Rad8 21.
Rf2 Ba6 22. b3 Qd5 23. Rd1 e5 24. Rd2 exf4 25. Bxf4 Bxf4 26. Rxf4 Rfe8 27. Re4
Rxe4 28. dxe4 Qxd2 29. Qxd2 Rxd2 30. Nxd2 Bd3 31. b4 cxb4 32. cxb4 a5 33. bxa5
bxa5 34. Kf2 Bc2 35. Ke3 Bxa4 36. Nc4 Bc6 37. Nxa5 Ba8 38. g4 Kf7 39. h4 Ke6
40. Nc4 Bc6 41. Kf4 h6 42. h5 Be8 43. Ne3 g6 44. hxg6 Bxg6 45. Nf5 Bxf5 46.
exf5+ Kd6 47. Ke4 Kc5 48. Kf4 Kd6 49. Kg3 Ke7 1/2-1/2

[Event "Miêdzywojewódzkie Mistrzostwa Juniorów"]
[Site "Centrum Konferencyjno-Sportow"]
[Date "2012.??.??"]
[Round "1.2"]
[White "Prazmowski, Bartosz"]
[Black "Suliborski, Jakub"]
[Result "1/2-1/2"]
[WhiteElo "1980"]
[BlackElo "1997"]
[PlyCount "40"]
[EventDate "2012.??.??"]

1. d4 d5 2. c4 c6 3. cxd5 cxd5 4. Nc3 Nc6 5. Nf3 Nf6 6. a3 e6 7. e3 Bd6 8. Bd3
O-O 9. O-O Bd7 10. Bd2 Rc8 11. Rc1 Qe7 12. Re1 Rfd8 13. b4 h6 14. Qb3 Qe8 15.
e4 dxe4 16. Nxe4 Nxe4 17. Bxe4 b6 18. d5 Ne7 19. Rxc8 Rxc8 20. dxe6 Bxe6
1/2-1/2

[Event "Miêdzywojewódzkie Mistrzostwa Juniorów "]
[Site "Centrum Konferencyjno-Sportow"]
[Date "2012.??.??"]
[Round "1.3"]
[White "Bobryk, Konrad"]
[Black "Worobiej, Daniel"]
[Result "0-1"]
[WhiteElo "1690"]
[BlackElo "1829"]
[PlyCount "60"]
[EventDate "2012.??.??"]

1. d4 d5 2. c4 c6 3. Nc3 Nf6 4. Nf3 a6 5. cxd5 cxd5 6. Bf4 Nc6 7. e3 e6 8. Bd3
Bd7 9. O-O Rc8 10. Rc1 b5 11. a3 Be7 12. b4 O-O 13. Qe2 Qb6 14. Bg5 h6 15. Bh4
Ne8 16. Bxe7 Nxe7 17. Ne5 Rc7 18. f4 Nd6 19. Qd2 f6 20. Nxd7 Rxd7 21. Ne2 f5
22. Rc2 Nc4 23. Bxc4 dxc4 24. Nc3 Nd5 25. h3 Ra8 26. Nxd5 exd5 27. g4 Qg6 28.
Qg2 fxg4 29. hxg4 Qd3 30. Rcf2 Qxe3 0-1

[Event "Miedzywojewodzkie Mistrzostwa Juniorow "]
[Site "Centrum Konferencyjno-Sportow"]
[Date "2012.??.??"]
[Round "2.1"]
[White "Suliborski, Jakub"]
[Black "Bobryk, Konrad"]
[Result "1-0"]
[WhiteElo "1997"]
[BlackElo "1690"]
[PlyCount "95"]
[EventDate "2012.??.??"]

1. e4 c5 2. Nf3 Nc6 3. d4 cxd4 4. Nxd4 g6 5. c4 Bg7 6. Be3 d6 7. Nc3 Nf6 8. Be2
O-O 9. O-O Bd7 10. Qd2 Ng4 11. Bxg4 Bxg4 12. f3 Bd7 13. Rac1 Ne5 14. b3 a6 15.
Rfd1 Rc8 16. a4 Nc6 17. Nd5 Nxd4 18. Bxd4 Bxd4+ 19. Qxd4 Be6 20. Nf4 Bd7 21.
Nd3 Bc6 22. Nf2 Qc7 23. Ng4 f6 24. Ne3 Rfd8 25. h4 h5 26. Kf2 Kf7 27. Rd3 b6
28. Rc2 a5 29. Rcd2 Bb7 30. Qa1 Qc5 31. Qh1 Rh8 32. Ke2 Rcg8 33. Qh2 Qc7 34.
Nd5 Bxd5 35. exd5 g5 36. Re3 Qd7 37. Re6 gxh4 38. Kf1 Rg7 39. Rde2 Kf8 40. Qxh4
Qc7 41. Qe4 Qd7 42. Qd4 Qc7 43. Rxf6+ Kg8 44. Rfe6 Rhh7 45. R2e4 Kf8 46. Rf4+
Ke8 47. Rf5 Kd7 48. Rxh5 1-0

[Event "Miedzywojewodzkie Mistrzostwa Juniorow ("]
[Site "Centrum Konferencyjno-Sportowe"]
[Date "2012.??.??"]
[Round "2.2"]
[White "Malec, Sebastian"]
[Black "Prazmowski, Bartosz"]
[Result "1-0"]
[WhiteElo "2118"]
[BlackElo "1980"]
[PlyCount "119"]
[EventDate "2012.??.??"]

1. e4 c6 2. d4 d5 3. e5 Bf5 4. Nc3 e6 5. g4 Bg6 6. Nge2 Be7 7. Be3 Nd7 8. Qd2
f6 9. Nf4 Bf7 10. Nd3 fxe5 11. Nxe5 Nxe5 12. dxe5 Qc7 13. Bf4 O-O-O 14. a3 Bg6
15. Bg2 h5 16. g5 Bf5 17. h4 Bc5 18. b4 Bf8 19. Ne2 Ne7 20. Bg3 c5 21. O-O Kb8
22. Nc3 Nc8 23. Rfb1 c4 24. Nb5 Qb6 25. Nd4 Bg4 26. f3 Bf5 27. Bf2 Qc7 28. Qe3
Re8 29. a4 g6 30. a5 Qd7 31. b5 Ka8 32. Nc6 Bxc2 33. Rb2 Bb3 34. Nxa7 d4 35.
Nxc8 dxe3 36. Nb6+ Ka7 37. Nxd7 exf2+ 38. Kxf2 Rd8 39. b6+ Ka8 40. Nxf8 Rhxf8
41. a6 Rd5 42. Kg3 bxa6 43. f4 Kb7 44. Rab1 Kxb6 45. Bxd5 exd5 46. Rxb3+ cxb3
47. Rxb3+ Kc5 48. Ra3 Kb5 49. e6 Re8 50. Re3 Kc5 51. f5 d4 52. Re1 gxf5 53. Kf4
Kd6 54. Kxf5 d3 55. Re3 Rf8+ 56. Kg6 a5 57. e7 Re8 58. Rxd3+ Kxe7 59. Re3+ Kf8
60. Rxe8+ 1-0

[Event "Miedzywojewodzkie Mistrzostwa Juniorow ("]
[Site "Centrum Konferencyjno-Sportowe"]
[Date "2012.??.??"]
[Round "2.3"]
[White "Renkowski, Piotr"]
[Black "Szewczyk, Mariusz"]
[Result "0-1"]
[WhiteElo "1981"]
[BlackElo "2006"]
[PlyCount "50"]
[EventDate "2012.??.??"]

1. e4 c6 2. Nf3 d5 3. Nc3 dxe4 4. Nxe4 Nf6 5. Nxf6+ exf6 6. d4 Bd6 7. Bd3 O-O
8. O-O Bc7 9. h3 Be6 10. c3 Re8 11. Be3 Qd6 12. Re1 Nd7 13. c4 Nf8 14. b3 Ng6
15. Qc2 Qd7 16. Kf1 f5 17. Ng5 f4 18. Bd2 f3 19. Nxf3 Bxh3 20. Rxe8+ Rxe8 21.
Ne1 Qxd4 22. Rd1 Bg4 23. Be3 Bxd1 24. Qxd1 Qf6 25. Be2 Rxe3 0-1

[Event "Miedzywojewodzkie Mistrzostwa Juniorow ("]
[Site "Centrum Konferencyjno-Sportowe"]
[Date "2012.??.??"]
[Round "3.1"]
[White "Prazmowski, Bartosz"]
[Black "Renkowski, Piotr"]
[Result "1-0"]
[WhiteElo "1980"]
[BlackElo "1981"]
[PlyCount "137"]
[EventDate "2012.??.??"]

1. d4 d5 2. c4 c6 3. Nf3 a6 4. Qc2 g6 5. Bf4 Bf5 6. Qb3 b5 7. cxb5 cxb5 8. Nc3
e6 9. e3 Nf6 10. Be2 Nbd7 11. Ne5 Nh5 12. Nxd7 Qxd7 13. g4 Nxf4 14. exf4 Bxg4
15. Bxg4 Bg7 16. Ne2 O-O 17. Rc1 Qd6 18. Qe3 Qb4+ 19. Qd2 Qe7 20. O-O Rac8 21.
Rxc8 Rxc8 22. Rc1 Rc4 23. b3 Rc7 24. Rxc7 Qxc7 25. Qc3 Qxc3 26. Nxc3 Bxd4 27.
Nd1 Bg7 28. Kg2 Kf8 29. Be2 Ke7 30. Ne3 Kd6 31. Nc2 Kc5 32. Kf3 a5 33. a3 b4
34. a4 f5 35. Bd3 Bf6 36. Ke3 h6 37. h3 g5 38. f3 Bd4+ 39. Ke2 gxf4 40. Ba6 Bc3
41. Bc8 Kd6 42. Kd3 Ke5 43. Bb7 Kd6 44. Bc8 Ke5 45. Ba6 Kf6 46. Nd4 e5 47. Nc6
e4+ 48. Ke2 d4 49. Nxa5 Ke5 50. Bc4 Kd6 51. Nb7+ Kc7 52. Nc5 Kd6 53. Na6 Kc6
54. a5 d3+ 55. Bxd3 exd3+ 56. Kxd3 Kb5 57. Nc7+ Kxa5 58. Kc4 Kb6 59. Nd5+ Kc6
60. Nxc3 bxc3 61. Kxc3 Kc5 62. b4+ Kd5 63. Kd3 Ke5 64. Kc4 Kd6 65. b5 Kc7 66.
Kc5 Kb7 67. b6 Kc8 68. Kc6 Kb8 69. b7 1-0

[Event "Miedzywojewodzkie Mistrzostwa Juniorow ("]
[Site "Centrum Konferencyjno-Sportowe"]
[Date "2012.??.??"]
[Round "3.2"]
[White "Bobryk, Konrad"]
[Black "Malec, Sebastian"]
[Result "0-1"]
[WhiteElo "1690"]
[BlackElo "2118"]
[PlyCount "92"]
[EventDate "2012.??.??"]

1. d4 e6 2. c4 f5 3. Nc3 Nf6 4. e3 b6 5. Nf3 Bb7 6. Bd3 Bb4 7. Bd2 O-O 8. a3
Bxc3 9. Bxc3 Ne4 10. O-O d6 11. Rc1 Nd7 12. b4 c5 13. dxc5 bxc5 14. b5 Nxc3 15.
Rxc3 e5 16. Be2 e4 17. Nd2 Qf6 18. Rc2 Ne5 19. Nb1 f4 20. exf4 Qxf4 21. Nc3
Nf3+ 22. Bxf3 exf3 23. Nd5 Qg5 24. g3 Qg4 25. Rc3 Rae8 26. Re1 Re2 27. Rxe2
fxe2 28. Qe1 Bxd5 29. cxd5 Re8 30. Re3 Rxe3 31. fxe3 Qf3 32. Qf2 Qxd5 33. Qxe2
c4 34. a4 c3 35. Kf2 Qf5+ 36. Ke1 Qb1+ 37. Kf2 d5 38. Qg4 Qc2+ 39. Kg1 Qc1+ 40.
Kg2 Qd2+ 41. Kh3 Qxe3 42. Qc8+ Kf7 43. a5 Qe6+ 44. Qxe6+ Kxe6 45. a6 c2 46. b6
c1=Q 0-1

[Event "Miedzywojewodzkie Mistrzostwa Juniorow ("]
[Site "Centrum Konferencyjno-Sportowe"]
[Date "2012.??.??"]
[Round "3.3"]
[White "Worobiej, Daniel"]
[Black "Suliborski, Jakub"]
[Result "1-0"]
[WhiteElo "1829"]
[BlackElo "1997"]
[PlyCount "39"]
[EventDate "2012.??.??"]

1. e4 e6 2. Nf3 c5 3. Nc3 a6 4. d4 cxd4 5. Nxd4 Qc7 6. Be2 Nc6 7. O-O Nf6 8.
Be3 Be7 9. Qd2 b5 10. Nxc6 dxc6 11. a3 O-O 12. f4 Rd8 13. Qe1 b4 14. axb4 Bxb4
15. e5 Nd7 16. Bd3 Nf8 17. Qf2 c5 18. Nb5 Qc6 19. Nd6 f5 20. Bc4 1-0

[Event "Miedzywojewodzkie Mistrzostwa Juniorow ("]
[Site "Centrum Konferencyjno-Sportowe"]
[Date "2012.??.??"]
[Round "4.1"]
[White "Malec, Sebastian"]
[Black "Worobiej, Daniel"]
[Result "1/2-1/2"]
[WhiteElo "2118"]
[BlackElo "1829"]
[PlyCount "91"]
[EventDate "2012.??.??"]

1. e4 d5 2. exd5 Qxd5 3. Nc3 Qa5 4. d4 Nf6 5. Nf3 c6 6. Bc4 Bf5 7. Bd2 e6 8.
Bb3 Nbd7 9. Qe2 Bb4 10. O-O-O Nd5 11. Ne4 Bxe4 12. Qxe4 Bxd2+ 13. Rxd2 Qc7 14.
c4 N5f6 15. Qe2 O-O-O 16. Rhd1 Rhe8 17. Ne5 Nxe5 18. dxe5 Rxd2 19. Rxd2 Nd7 20.
f4 Nc5 21. Bc2 Rd8 22. b4 Na6 23. a3 c5 24. b5 Nb8 25. Rxd8+ Qxd8 26. Qd2 h6
27. a4 Qxd2+ 28. Kxd2 Nd7 29. a5 b6 30. axb6 axb6 31. Ke3 g6 32. g4 Kd8 33. h4
Ke7 34. Ke4 Nf8 35. Kf3 Nd7 36. Bd3 Nf8 37. Kg3 Nd7 38. Be4 Nf8 39. Bc6 Nh7 40.
Kf3 Nf8 41. Ke4 Nh7 42. Ke3 Nf8 43. Bf3 Nh7 44. Ke4 Nf8 45. Be2 Nh7 46. Bf3
1/2-1/2

[Event "Miedzywojewodzkie Mistrzostwa Juniorow ("]
[Site "Centrum Konferencyjno-Sportowe"]
[Date "2012.??.??"]
[Round "4.2"]
[White "Renkowski, Piotr"]
[Black "Bobryk, Konrad"]
[Result "1-0"]
[WhiteElo "1981"]
[BlackElo "1690"]
[PlyCount "59"]
[EventDate "2012.??.??"]

1. e4 c5 2. Nf3 Nc6 3. c3 g6 4. d4 cxd4 5. cxd4 Bg7 6. Nc3 d6 7. Be3 Nf6 8. h3
O-O 9. Bd3 Bd7 10. O-O a6 11. a3 Rc8 12. Qd2 b5 13. Bh6 Na5 14. Bxg7 Kxg7 15.
Qe2 Bc6 16. Rfd1 Qb6 17. e5 Nd5 18. Nxd5 Bxd5 19. Be4 Bb3 20. Re1 Bc4 21. Bd3
Nb3 22. Rad1 d5 23. e6 f6 24. Qe3 Bxd3 25. Rxd3 Na5 26. Nh2 Rc2 27. Ng4 g5 28.
h4 Nc6 29. Qh3 h5 30. hxg5 1-0

[Event "Miedzywojewodzkie Mistrzostwa Juniorow ("]
[Site "Centrum Konferencyjno-Sportowe"]
[Date "2012.??.??"]
[Round "4.3"]
[White "Szewczyk, Mariusz"]
[Black "Prazmowski, Bartosz"]
[Result "1/2-1/2"]
[WhiteElo "2006"]
[BlackElo "1980"]
[PlyCount "82"]
[EventDate "2012.??.??"]

1. e4 c5 2. Nf3 d6 3. b3 Nc6 4. Bb2 e5 5. Be2 Be7 6. O-O Nf6 7. d3 O-O 8. Nbd2
Qc7 9. h3 d5 10. exd5 Nxd5 11. Nc4 f6 12. a4 Be6 13. Re1 a6 14. a5 Nf4 15. Qd2
Rad8 16. Bf1 Bd5 17. Nh4 Bxc4 18. bxc4 f5 19. Nf3 e4 20. Nh2 Bd6 21. g3 Ng6 22.
Bg2 Nge5 23. dxe4 Nxc4 24. Qd5+ Qf7 25. Qxf7+ Rxf7 26. Bc3 Bc7 27. exf5 Bxa5
28. Bxa5 N6xa5 29. Rad1 Rfd7 30. Rxd7 Rxd7 31. Re8+ Kf7 32. Rh8 Rd1+ 33. Nf1
Nd2 34. Rb8 c4 35. Rc8 Rc1 36. Rc5 b5 37. Rc7+ Kf8 38. Rc8+ Ke7 39. Rc7+ Kf8
40. Rc8+ Kf7 41. Rc7+ Kf8 1/2-1/2

[Event "Miedzywojewodzkie Mistrzostwa Juniorow ("]
[Site "Centrum Konferencyjno-Sportowe"]
[Date "2012.??.??"]
[Round "5.1"]
[White "Bobryk, Konrad"]
[Black "Szewczyk, Mariusz"]
[Result "0-1"]
[WhiteElo "1690"]
[BlackElo "2006"]
[PlyCount "68"]
[EventDate "2012.??.??"]

1. d4 Nf6 2. c4 e6 3. Nc3 Bb4 4. Qc2 d5 5. e3 O-O 6. Bd3 b6 7. cxd5 exd5 8.
Nge2 Re8 9. O-O Bb7 10. a3 Bf8 11. b3 c6 12. Bb2 Nbd7 13. Rac1 Bd6 14. Ng3 g6
15. Rce1 Ng4 16. h3 Nxe3 17. Rxe3 Rxe3 18. fxe3 Bxg3 19. e4 Qg5 20. Bc1 Qh4 21.
Ne2 Bd6 22. e5 Bc7 23. Nf4 Nf8 24. Kh1 Rd8 25. Kh2 Qe7 26. g3 c5 27. dxc5 Qxc5
28. Qe2 Re8 29. e6 Nxe6 30. Nxe6 Rxe6 31. Qf3 f5 32. Bh6 Qe7 33. Rc1 Be5 34. h4
Qxh4+ 0-1

[Event "Miedzywojewodzkie Mistrzostwa Juniorow ("]
[Site "Centrum Konferencyjno-Sportowe"]
[Date "2012.??.??"]
[Round "5.2"]
[White "Worobiej, Daniel"]
[Black "Renkowski, Piotr"]
[Result "1/2-1/2"]
[WhiteElo "1829"]
[BlackElo "1981"]
[PlyCount "93"]
[EventDate "2012.??.??"]

1. e4 e6 2. Nf3 d5 3. Nc3 d4 4. Ne2 c5 5. c3 dxc3 6. Nxc3 Nc6 7. Bb5 Bd7 8. O-O
Nf6 9. Re1 Be7 10. e5 Nd5 11. Nxd5 exd5 12. Qb3 a6 13. Bxc6 bxc6 14. Qc3 O-O
15. b3 Be6 16. Ba3 d4 17. Qc1 Bd5 18. Bxc5 Bxf3 19. gxf3 Bxc5 20. Qxc5 Qg5+ 21.
Kf1 Qxd2 22. Red1 Qf4 23. Qxd4 Qxh2 24. Ke2 Rae8 25. f4 Qh5+ 26. f3 f6 27. Qc4+
Kh8 28. Rh1 Qf5 29. Qe4 fxe5 30. Qxf5 Rxf5 31. fxe5 Rexe5+ 32. Kf2 Rc5 33. Rac1
h6 34. b4 Rcd5 35. Rhd1 Rxd1 36. Rxd1 c5 37. Rb1 cxb4 38. Rxb4 Ra5 39. a4 Kh7
40. Kg3 g5 41. Kg4 Kg7 42. Kh5 Rf5 43. Rb7+ Kf6 44. Rb6+ Ke5 45. Rxh6 Rxf3 46.
Rxa6 Rg3 47. Ra8 1/2-1/2

[Event "Miedzywojewodzkie Mistrzostwa Juniorow ("]
[Site "Centrum Konferencyjno-Sportowe"]
[Date "2012.??.??"]
[Round "5.3"]
[White "Suliborski, Jakub"]
[Black "Malec, Sebastian"]
[Result "1/2-1/2"]
[WhiteElo "1997"]
[BlackElo "2118"]
[PlyCount "87"]
[EventDate "2012.??.??"]

1. d4 Nf6 2. c4 e6 3. Nf3 b6 4. g3 Ba6 5. b3 Bb7 6. Bg2 Bb4+ 7. Bd2 a5 8. O-O
O-O 9. a3 Be7 10. Nc3 d5 11. Ne5 Nbd7 12. Nxd7 Qxd7 13. cxd5 exd5 14. Qc2 h6
15. Rfd1 Rfe8 16. a4 Rac8 17. Bf4 Bb4 18. Bf3 Ne4 19. Nxe4 dxe4 20. Bg2 Bd5 21.
Be3 Qe6 22. Rab1 c5 23. dxc5 Bxc5 24. Qd2 Bxb3 25. Bh3 Qxh3 26. Rxb3 Bxe3 27.
Qxe3 Rc5 28. f4 Rh5 29. Qf2 e3 30. Qg2 Qe6 31. Rdb1 Qc4 32. Rxb6 Rd5 33. Qf3
Rdd8 34. Qg4 Qxa4 35. Rxh6 Rd1+ 36. Rxd1 Qxd1+ 37. Kg2 Qd5+ 38. Kh3 g6 39. Qh4
Qd4 40. f5 Qxh4+ 41. Rxh4 Kg7 42. Ra4 Re5 43. fxg6 Kxg6 44. g4 1/2-1/2

[Event "Miedzywojewodzkie Mistrzostwa Juniorow ("]
[Site "Centrum Konferencyjno-Sportowe"]
[Date "2012.??.??"]
[Round "6.1"]
[White "Renkowski, Piotr"]
[Black "Suliborski, Jakub"]
[Result "1-0"]
[WhiteElo "1981"]
[BlackElo "1997"]
[PlyCount "87"]
[EventDate "2012.??.??"]

1. e4 e6 2. d4 d5 3. Nc3 Nc6 4. e5 Nge7 5. f4 Nf5 6. Nf3 Bd7 7. Ne2 h5 8. c3
Qe7 9. a4 Na5 10. b3 c5 11. Ba3 b6 12. Ng3 Ne3 13. Qb1 h4 14. Ne2 Qd8 15. Kf2
Ng4+ 16. Kg1 Qc7 17. h3 Ne3 18. Kh2 Nf5 19. b4 Nc4 20. bxc5 bxc5 21. Bxc5 Bxc5
22. dxc5 f6 23. Ned4 Nxe5 24. fxe5 fxe5 25. Nxf5 exf5 26. Qe1 e4+ 27. Kg1 Qxc5+
28. Nd4 O-O 29. Bb5 Bxb5 30. axb5 f4 31. Kh2 Rae8 32. Rf1 f3 33. Qxh4 Qxc3 34.
Nc6 Rf6 35. Rxa7 Qc4 36. Qg5 Rf7 37. Rxf7 Kxf7 38. Ra1 Qc3 39. Ra7+ Ke6 40.
Qg6+ Qf6 41. Qxe8+ Kd6 42. Rf7 Qg5 43. Qf8+ Ke6 44. Re7+ 1-0

[Event "Miedzywojewodzkie Mistrzostwa Juniorow ("]
[Site "Centrum Konferencyjno-Sportowe"]
[Date "2012.??.??"]
[Round "6.2"]
[White "Szewczyk, Mariusz"]
[Black "Worobiej, Daniel"]
[Result "1/2-1/2"]
[WhiteElo "2006"]
[BlackElo "1829"]
[PlyCount "51"]
[EventDate "2012.??.??"]

1. e4 e5 2. Nf3 Nc6 3. Bb5 a6 4. Bxc6 dxc6 5. Nxe5 Qd4 6. Nf3 Qxe4+ 7. Qe2
Qxe2+ 8. Kxe2 Bg4 9. h3 Bxf3+ 10. Kxf3 O-O-O 11. Nc3 Nf6 12. d3 Be7 13. Bf4 Nd5
14. Nxd5 cxd5 15. d4 Rhe8 16. Rhe1 Kd7 17. Re5 c6 18. Rae1 Bf6 19. Rxe8 Rxe8
20. Be5 Bxe5 21. dxe5 f6 22. Kf4 Re6 23. h4 fxe5+ 24. Rxe5 Kd6 25. Rxe6+ Kxe6
26. g4 1/2-1/2

[Event "Miedzywojewodzkie Mistrzostwa Juniorow ("]
[Site "Centrum Konferencyjno-Sportowe"]
[Date "2012.??.??"]
[Round "6.3"]
[White "Prazmowski, Bartosz"]
[Black "Bobryk, Konrad"]
[Result "1-0"]
[WhiteElo "1980"]
[BlackElo "1690"]
[PlyCount "91"]
[EventDate "2012.??.??"]

1. d4 Nf6 2. c4 e6 3. Nf3 b6 4. e3 Bb7 5. Bd3 d5 6. cxd5 exd5 7. O-O Bd6 8. Nc3
O-O 9. Qc2 a6 10. Re1 Nbd7 11. h3 Re8 12. b3 Ne4 13. Bb2 f5 14. Nh2 Qh4 15. f4
Ndf6 16. Nf3 Qh5 17. Bxe4 Nxe4 18. Nxe4 dxe4 19. Nd2 Rac8 20. Nc4 Bd5 21. Rac1
Qg6 22. Qe2 b5 23. Nd2 c6 24. Red1 Ra8 25. Nb1 Rec8 26. Rc2 Rc7 27. Kh2 a5 28.
Nc3 Qf7 29. Rg1 Kh8 30. Rgc1 Rac8 31. Kh1 Bb4 32. Nb1 Qe7 33. Bc3 Bxc3 34. Rxc3
b4 35. Rc5 Ra7 36. Nd2 a4 37. Nc4 Bxc4 38. Qxc4 axb3 39. axb3 g6 40. Qxb4 Rb7
41. Qc4 Rcb8 42. Rxc6 Rxb3 43. Rc7 Qe8 44. Qa6 R3b6 45. Qa7 Qg8 46. d5 1-0

[Event "Miedzywojewodzkie Mistrzostwa Juniorow ("]
[Site "Centrum Konferencyjno-Sportowe"]
[Date "2012.??.??"]
[Round "7.1"]
[White "Worobiej, Daniel"]
[Black "Prazmowski, Bartosz"]
[Result "1/2-1/2"]
[WhiteElo "1829"]
[BlackElo "1980"]
[PlyCount "46"]
[EventDate "2012.??.??"]

1. e4 d5 2. exd5 Qxd5 3. Nc3 Qa5 4. Nf3 Nf6 5. d4 c6 6. Bc4 Bf5 7. Bd2 e6 8.
Qe2 Be7 9. Nd5 Qd8 10. Nxf6+ Bxf6 11. c3 O-O 12. O-O Nd7 13. Bf4 Nb6 14. Be5
Bg4 15. Bb3 Bxe5 16. dxe5 Qc7 17. Rfe1 Rad8 18. Bc2 g6 19. h3 Bxf3 20. Qxf3 Rd5
21. Qe3 Rfd8 22. Bb3 Rd2 23. Re2 Qd7 1/2-1/2

[Event "Miedzywojewodzkie Mistrzostwa Juniorow ("]
[Site "Centrum Konferencyjno-Sportowe"]
[Date "2012.??.??"]
[Round "7.2"]
[White "Suliborski, Jakub"]
[Black "Szewczyk, Mariusz"]
[Result "1/2-1/2"]
[WhiteElo "1997"]
[BlackElo "2006"]
[PlyCount "50"]
[EventDate "2012.??.??"]

1. e4 e5 2. Nf3 Nf6 3. Nxe5 d6 4. Nf3 Nxe4 5. d4 d5 6. Bd3 Bd6 7. O-O O-O 8. c4
c6 9. Nc3 Nxc3 10. bxc3 dxc4 11. Bxc4 Nd7 12. h3 Nf6 13. Re1 Bf5 14. Ne5 Bxe5
15. Rxe5 Bg6 16. Bg5 Qd6 17. Bxf6 gxf6 18. Re1 b5 19. Bd3 a5 20. Bxg6 hxg6 21.
Qb3 b4 22. a3 Rab8 23. axb4 axb4 24. Ra6 f5 25. cxb4 Qxb4 1/2-1/2

[Event "Miedzywojewodzkie Mistrzostwa Juniorow ("]
[Site "Centrum Konferencyjno-Sportowe"]
[Date "2012.??.??"]
[Round "7.3"]
[White "Malec, Sebastian"]
[Black "Renkowski, Piotr"]
[Result "1-0"]
[WhiteElo "2118"]
[BlackElo "1981"]
[PlyCount "83"]
[EventDate "2012.??.??"]

1. Nf3 d6 2. e4 g6 3. d4 Bg7 4. c4 e5 5. d5 f5 6. Nc3 Nf6 7. Bd3 f4 8. Bd2 O-O
9. h3 a5 10. Qe2 Na6 11. O-O-O Nc5 12. Bc2 Nfd7 13. b3 Nb6 14. Ne1 c6 15. a4
cxd5 16. cxd5 Bd7 17. Kb2 Nc8 18. Nd3 b6 19. Nxc5 bxc5 20. Bd3 Rb8 21. Ka2 Rf7
22. Rb1 f3 23. gxf3 Qf8 24. Bb5 Bxb5 25. Nxb5 Rxf3 26. Rhf1 Rxh3 27. f3 Bh6 28.
Bxa5 Bf4 29. Rf2 Ra8 30. Bc3 Nb6 31. a5 Nc8 32. Nc7 Ra7 33. Ne6 Qf7 34. b4 cxb4
35. Bxb4 Qd7 36. Qc2 Be3 37. Re2 Bb6 38. Qc6 Qxc6 39. dxc6 Bxa5 40. Ba3 Rxf3
41. Rb7 Rc3 42. Rf2 1-0